000
00451nam a2200145Ia 4500
008
100122s9999 xx 000 0 und d
082
_b
71633
_a
823
100
_a
नाईक संजय
245
_a
माझं काय चुकलं
260
_b
मंगलदीप प्रकाशन
_c
2007
300
_a
200
630
_a
माझं काय चुकलं
730
_a
माझं काय चुकलं
942
_c
BOOK
999
_c
442138
_d
442135